Health education : (Record no. 59367)
[ view plain ]
| 000 -LEADER | |
|---|---|
| fixed length control field | 00726nam a2200241 4500 |
| 001 - CONTROL NUMBER | |
| control field | 59367 |
| 003 - CONTROL NUMBER IDENTIFIER | |
| rucl marc code | BD-RjUL |
| 005 - DATE AND TIME OF LATEST TRANSACTION | |
| control field | 20211209080724.0 |
| 008 - FIXED-LENGTH DATA ELEMENTS--GENERAL INFORMATION | |
| fixed length control field | 161224s1996 ii ||||| |||| 00| 0 eng d |
| 020 ## - INTERNATIONAL STANDARD BOOK NUMBER | |
| International Standard Book Number | 9780706997453 |
| 035 ## - SYSTEM CONTROL NUMBER | |
| System control number | (BD-RjUL)59491 |
| 040 ## - CATALOGING SOURCE | |
| Language of cataloging | eng |
| Transcribing agency | BD-RjUL |
| 041 ## - LANGUAGE CODE | |
| Language code of text/sound track or separate title | eng |
| 082 ## - DEWEY DECIMAL CLASSIFICATION NUMBER | |
| Edition number | 23 |
| Classification number | 610.710 |
| Author mark and year | RAH 1996 |
| 100 ## - MAIN ENTRY--PERSONAL NAME | |
| Personal name | Ramachandran L ; Dharmalingam, T |
| 9 (RLIN) | 176582 |
| 245 ## - TITLE STATEMENT | |
| Title | Health education : |
| Remainder of title | a new approach/ |
| Statement of responsibility, etc. | L. Ramachandran and T. Dharmalingam. |
| 260 ## - PUBLICATION, DISTRIBUTION, ETC. (IMPRINT) | |
| Place of publication, distribution, etc. | New Delhi : Vikas ; New York, N.Y. : |
| Name of publisher, distributor, etc. | Advent Books, |
| Date of publication, distribution, etc. | 1993. |
| 300 ## - PHYSICAL DESCRIPTION | |
| Pagination | x, 278 p. |
| Illustrations | Fig.; |
| Size | 21cm. |
| 500 ## - GENERAL NOTE | |
| General note | Includes index |
| 650 ## - SUBJECT ADDED ENTRY--TOPICAL TERM | |
| Topical term or geographic name as entry element | Health Education. |
| 9 (RLIN) | 176583 |
| 700 ## - ADDED ENTRY--PERSONAL NAME | |
| Personal name | Dharmalingam, T |
| 942 ## - ADDED ENTRY ELEMENTS (KOHA) | |
| Source of classification or shelving scheme | Dewey Decimal Classification |
| Koha item type | Books |
| Lost status | Source of classification or shelving scheme | Damaged status | Not for loan | Permanent Location | Current Location | Shelving location | Date acquired | Source of acquisition | Cost, normal purchase price | Total Checkouts | Full call number | Date last seen | Copy number | Koha item type |
|---|---|---|---|---|---|---|---|---|---|---|---|---|---|---|
| Dewey Decimal Classification | Not For Loan | Institute of Biological Sciences (IBSc) Library | Institute of Biological Sciences (IBSc) Library | Institute Library | 15/12/2016 | Paragon | 621.00 | 610.710 RAH 1996 | 24/12/2016 | C-1 | Books |